[Event "CXV R - 016 email"]
[Site "Brazil CXV"]
[Date "2000.12.10"]
[Round "?"]
[White "Socrates de Sousa, Denilson"]
[Black "Neto Malvaso, Jose"]
[Result "0-1"]
[WhiteElo "1593"]
[BlackElo "1608"]
[PlyCount "58"]
[EventDate "2000.??.??"]
[EventType "tourn (corr)"]
[EventRounds "6"]
[EventCountry "BRA"]
[SourceTitle "Corr 2004"]
[Source "ChessBase"]
[SourceDate "2003.04.28"]
[SourceVersion "3"]
[SourceVersionDate "2003.04.28"]
[SourceQuality "1"]

1. e4 e5 2. Nf3 Nf6 3. Nxe5 d6 4. Nc4 Nxe4 5. d3 Nf6 6. Nc3 d5 7. Qe2+ Qe7 8. Qxe7+ Bxe7 9. Ne5 Nbd7 10. d4 0-0 11. Bg5 h6 12. Bh4 g5 13. Bg3 Ne4 14. Nxe4 dxe4 15. Nxd7 Bxd7 16. 0-0-0 c6 17. Bc4 Kg7 18. Rhe1 f5 19. f3 b5 20. Bb3 a5 21. c3 Rae8 22. fxe4 fxe4 23. Rxe4 Bf6 24. Be5 Bf5 25. Bxf6+ Kxf6 26. Rxe8 Rxe8 27. Rf1 Kg6 28. Kd2 h5 29. Bf7+ Kxf7 0-1

[Event "CXV R - 018 email"]
[Site "Brazil CXV"]
[Date "2000.11.14"]
[Round "?"]
[White "Fagundes, Antonio GS"]
[Black "Socrates de Sousa, Denilson"]
[Result "1-0"]
[WhiteElo "1508"]
[BlackElo "1603"]
[PlyCount "65"]
[EventDate "2000.??.??"]
[EventType "tourn (corr)"]
[EventRounds "5"]
[EventCountry "BRA"]
[SourceTitle "Corr 2004"]
[Source "ChessBase"]
[SourceDate "2003.04.28"]
[SourceVersion "3"]
[SourceVersionDate "2003.04.28"]
[SourceQuality "1"]

1. e4 e5 2. Nf3 Nf6 3. Nxe5 d6 4. Nf3 Nxe4 5. d4 d5 6. Bd3 Qe7 7. 0-0 Nc6 8. Re1 Bf5 9. Nfd2 0-0-0 10. f3 Qf6 11. c3 Nxd2 12. Bxf5+ Qxf5 13. Nxd2 Bd6 14. Qe2 Qh5 15. Nf1 Rhe8 16. Be3 Rd7 17. Qf2 Rde7 18. Rad1 Re6 19. Bd2 Kd7 20. Rxe6 Rxe6 21. b3 Ne7 22. c4 c6 23. c5 Bc7 24. Bc1 Rg6 25. a3 Nf5 26. a4 Nh4 27. Ng3 Nxf3+ 28. gxf3 Qh3 29. f4 h5 30. Qf1 Qf5 31. Kh1 Qc2 32. Qd3 h4 33. Qxc2 1-0